[Event "DEM U12 2011"]
[Site "Oberhof GER"]
[Date "2011.06.14"]
[Round "5"]
[White "Richardt, Angelina"]
[Black "Möller, Hannah"]
[Result "1-0"]
[Termination "normal"]
[Board "47"]
[WhiteElo "1146"]
[BlackElo "1204"]
[PlyCount "93"]
[WhiteFideId "12938149"]
[BlackFideId "1270514"]
[EventCountry "GER"]
[EventRounds "11"]
[EventType "swiss"]
[EventDate "2011.06.11"]

1. e4 e5 2. Nf3 Nc6 3. Bc4 Nf6 4. d3 Bc5 5. c3 a6 6. Bb3 Ba7 7. O-O d6 8. h3 h6
9. Be3 Bd7 10. Nbd2 Qe7 11. Re1 O-O-O 12. Ba4 Bxe3 13. fxe3 Rdg8 14. b4 Na7 15.
c4 g5 16. Nh2 g4 17. h4 h5 18. b5 axb5 19. cxb5 Bxb5 20. Qb3 Ba6 21. Qc3 Nd7
22. Bxd7+ Qxd7 23. Rec1 Nb5 24. Qa5 f5 25. a4 Na7 26. exf5 c6 27. e4 Kb8 28.
Rc3 Qd8 29. Qxd8+ Rxd8 30. Nc4 b5 31. axb5 Nxb5 32. Rb3 Bb7 33. Nf1 Nd4 34. Rb2
Rhg8 35. Nfd2 Rg7 36. Nb3 Nxb3 37. Rxb3 Re8 38. Nxd6 Rd8 39. Nc4 Re7 40. Na5
Rd6 41. Rab1 Red7 42. Nxb7 Rxb7 43. Rxb7+ Ka8 44. R1b3 g3 45. R7b4 Rd7 46. Ra4+
Ra7 47. Rba3 1-0

[Event "DEM U12 2011"]
[Site "Oberhof GER"]
[Date "2011.06.15"]
[Round "6"]
[White "Schröder, Kevin"]
[Black "Dürr, Florian"]
[Result "1-0"]
[Termination "normal"]
[Board "1"]
[WhiteElo "1954"]
[BlackElo "1819"]
[PlyCount "69"]
[WhiteFideId "12929840"]
[BlackFideId "24659134"]
[EventCountry "GER"]
[EventRounds "11"]
[EventType "swiss"]
[EventDate "2011.06.11"]

1. d4 Nf6 2. c4 g6 3. Nc3 d5 4. cxd5 Nxd5 5. e4 Nxc3 6. bxc3 Bg7 7. Bc4 c5 8.
Ne2 Nc6 9. Be3 cxd4 10. cxd4 Qa5+ 11. Qd2 Qxd2+ 12. Kxd2 O-O 13. Rab1 Rd8 14.
Kc3 b6 15. Rhd1 Bb7 16. f3 Rac8 17. Kb2 Na5 18. Bb3 Ba6 19. Nf4 Nc4+ 20. Bxc4
Rxc4 21. e5 Bh6 22. g3 Bxf4 23. gxf4 e6 24. Rbc1 Rxc1 25. Rxc1 Rd7 26. h4 h5
27. f5 Bb7 28. f6 Kf8 29. d5 exd5 30. f4 d4 31. Bd2 Ke8 32. f5 gxf5 33. Rg1 Rd8
34. Rg8+ Kd7 35. e6+ 1-0

[Event "DEM U12 2011"]
[Site "Oberhof GER"]
[Date "2011.06.15"]
[Round "6"]
[White "Kollars, Dmitrij"]
[Black "Sawlin, Leonid"]
[Result "1-0"]
[Termination "normal"]
[Board "2"]
[WhiteElo "1830"]
[BlackElo "1920"]
[PlyCount "69"]
[WhiteFideId "12909572"]
[BlackFideId "4689542"]
[EventCountry "GER"]
[EventRounds "11"]
[EventType "swiss"]
[EventDate "2011.06.11"]

1. e4 e6 2. d4 d5 3. Nd2 Nf6 4. e5 Nfd7 5. Bd3 c5 6. c3 Nc6 7. Ne2 cxd4 8. cxd4
f6 9. Nf4 Qe7 10. Nf3 fxe5 11. dxe5 Ndxe5 12. Nxe5 Nxe5 13. Qh5+ Nf7 14. O-O g6
15. Qe2 Bg7 16. Bb5+ Kf8 17. Be3 Be5 18. Nd3 Bd6 19. f4 a6 20. Ba4 b5 21. Bb3
Bb8 22. Kh1 Ba7 23. Rac1 Nd6 24. Bxa7 Rxa7 25. Qe5 Rg8 26. Rc6 Rd7 27. Nc5 Rd8
28. Nxa6 Bxa6 29. Rxa6 Kf7 30. Re1 Ne4 31. Rc6 Rc8 32. Rxe6 Qh4 33. Rxe4 Rc1+
34. Re1 Rgc8 35. Re7+ 1-0

[Event "DEM U12 2011"]
[Site "Oberhof GER"]
[Date "2011.06.15"]
[Round "6"]
[White "Baskin, Robert"]
[Black "Lagunow, Raphael"]
[Result "1-0"]
[Termination "normal"]
[Board "3"]
[WhiteElo "1940"]
[BlackElo "1711"]
[PlyCount "65"]
[WhiteFideId "24662402"]
[BlackFideId "24652644"]
[EventCountry "GER"]
[EventRounds "11"]
[EventType "swiss"]
[EventDate "2011.06.11"]

1. e4 e5 2. Nf3 Nc6 3. Bb5 f5 4. d3 fxe4 5. dxe4 Nf6 6. O-O d6 7. Bc4 Na5 8.
Be2 Be6 9. Nc3 Be7 10. Ng5 Bg8 11. f4 Nc6 12. f5 g6 13. Ne6 Bxe6 14. fxe6 Nd4
15. Bc4 c6 16. Bg5 b5 17. Bb3 b4 18. Bxf6 Bxf6 19. Ne2 Nb5 20. Qd2 a5 21. Qh6
Qe7 22. Rxf6 Qxf6 23. Rf1 Qd8 24. Qg7 Qb6+ 25. Kh1 O-O-O 26. e7 Rde8 27. Qxh8
Rxh8 28. Rf8+ Rxf8 29. exf8=Q+ Kb7 30. Qf3 Qc5 31. Qf7+ Kb6 32. Qf1 Qe3 33. Qg1
1-0

[Event "DEM U12 2011"]
[Site "Oberhof GER"]
[Date "2011.06.15"]
[Round "6"]
[White "Scholz, Robert"]
[Black "Péczely, Sebastian Zsomber"]
[Result "0-1"]
[Termination "normal"]
[Board "4"]
[WhiteElo "1643"]
[BlackElo "1967"]
[PlyCount "122"]
[WhiteFideId "1270301"]
[BlackFideId "750964"]
[EventCountry "GER"]
[EventRounds "11"]
[EventType "swiss"]
[EventDate "2011.06.11"]

1. e4 e5 2. Nf3 Nc6 3. Bc4 Bc5 4. Nc3 d6 5. d3 Nf6 6. Bg5 h6 7. Be3 Bb6 8. O-O
Bg4 9. h3 Bh5 10. a3 O-O 11. g4 Nxg4 12. hxg4 Bxg4 13. Kg2 Kh8 14. Qd2 Qf6 15.
Nh2 Qh4 16. Bxb6 Bh3+ 17. Kh1 axb6 18. Ne2 Bxf1 19. Rxf1 f5 20. Qe3 f4 21. Qf3
Ne7 22. Qg4 Qxg4 23. Nxg4 h5 24. Nh2 g5 25. f3 Kh7 26. Rg1 Kh6 27. Be6 Rf6 28.
Bh3 Rg8 29. Nc3 c6 30. Na4 Ng6 31. Nxb6 Nh4 32. Nd7 Rf7 33. Be6 Rgg7 34. Bxf7
Rxf7 35. Nb6 Ng6 36. Na4 Nf8 37. Nc3 Nd7 38. b4 Nf6 39. Nd1 b5 40. Nf2 Ra7 41.
Ra1 c5 42. bxc5 dxc5 43. Rb1 Ra5 44. Rb3 Kg6 45. Kg2 Kg7 46. c4 b4 47. axb4
cxb4 48. Rxb4 Ra2 49. Kf1 Ra1+ 50. Ke2 Ra2+ 51. Ke1 Ra1+ 52. Kd2 Ra2+ 53. Ke1
Ra1+ 54. Rb1 Rxb1+ 55. Ke2 Rg1 56. Nf1 g4 57. fxg4 hxg4 58. c5 f3+ 59. Ke1 g3
60. Nh3 Rh1 61. Ng5 g2 0-1

[Event "DEM U12 2011"]
[Site "Oberhof GER"]
[Date "2011.06.15"]
[Round "6"]
[White "Höglauer, Patrick"]
[Black "Ovsepyan, Arshak"]
[Result "1-0"]
[Termination "normal"]
[Board "5"]
[WhiteElo "1764"]
[BlackElo "1950"]
[PlyCount "135"]
[WhiteFideId "1270548"]
[BlackFideId "24690236"]
[EventCountry "GER"]
[EventRounds "11"]
[EventType "swiss"]
[EventDate "2011.06.11"]

1. d4 d5 2. Nf3 Nf6 3. Bf4 e6 4. e3 Bd6 5. Bg3 b6 6. c4 Bb7 7. Nc3 O-O 8. Bd3
c5 9. cxd5 exd5 10. O-O Bc6 11. Rc1 c4 12. Bb1 b5 13. Ne5 Bxe5 14. dxe5 Ne8 15.
Qh5 g6 16. Qg4 b4 17. Ne2 Ng7 18. Nd4 Bd7 19. Qf3 Be6 20. Rfd1 Nd7 21. e4 Nc5
22. h3 dxe4 23. Bxe4 Nxe4 24. Nxe6 Nd2 25. Qe3 fxe6 26. Qxd2 Qxd2 27. Rxd2 Rac8
28. Rdc2 Nf5 29. Rxc4 Rxc4 30. Rxc4 Nxg3 31. fxg3 Rf5 32. Rxb4 Rxe5 33. Rb8+
Kg7 34. Rb7+ Kf6 35. Rxa7 Re2 36. Rb7 Ke5 37. a4 Re4 38. a5 Ra4 39. b4 Kd4 40.
Rxh7 e5 41. Rh6 Rxb4 42. Rxg6 Ke3 43. h4 Rb7 44. h5 Rb1+ 45. Kh2 Rb7 46. g4 e4
47. h6 Kf4 48. Rg7 Rb8 49. g3+ Kf3 50. Rf7+ Kxg4 51. Rf4+ Kg5 52. Rxe4 Kxh6 53.
Ra4 Rb7 54. a6 Ra7 55. Kh3 Kg5 56. Ra5+ Kh6 57. Kh4 Kg6 58. g4 Rh7+ 59. Kg3 Ra7
60. g5 Kg7 61. Kg4 Kg6 62. Ra4 Kg7 63. Kf5 Kf7 64. g6+ Kg7 65. Kg5 Kg8 66. Kf6
Kf8 67. g7+ Kg8 68. Ra5 1-0

[Event "DEM U12 2011"]
[Site "Oberhof GER"]
[Date "2011.06.15"]
[Round "6"]
[White "Mager, Denis"]
[Black "Kitze, Alexander"]
[Result "1-0"]
[Termination "normal"]
[Board "6"]
[WhiteElo "1741"]
[BlackElo "1717"]
[PlyCount "51"]
[WhiteFideId "24691127"]
[BlackFideId "12914827"]
[EventCountry "GER"]
[EventRounds "11"]
[EventType "swiss"]
[EventDate "2011.06.11"]

1. d4 Nf6 2. c4 c5 3. e3 cxd4 4. exd4 d5 5. Nc3 e6 6. Nf3 Nc6 7. Bd3 Be7 8. a3
O-O 9. O-O Re8 10. Re1 Bf8 11. Bg5 dxc4 12. Bxc4 Be7 13. Qd2 Na5 14. Ba2 b6 15.
b4 Nc6 16. b5 Na5 17. a4 Bb7 18. Ne5 Nd5 19. Nxd5 Bxd5 20. Bxe7 Rxe7 21. Qf4
Rc8 22. Bxd5 Qxd5 23. Rac1 Rd8 24. Rc3 h6 25. Rg3 Qxd4 26. Qf6 1-0

[Event "DEM U12 2011"]
[Site "Oberhof GER"]
[Date "2011.06.15"]
[Round "6"]
[White "Flüchter, Gregor"]
[Black "Reimers, Juri"]
[Result "1-0"]
[Termination "normal"]
[Board "7"]
[WhiteElo "1822"]
[BlackElo "1675"]
[PlyCount "75"]
[WhiteFideId "12903396"]
[BlackFideId "24661511"]
[EventCountry "GER"]
[EventRounds "11"]
[EventType "swiss"]
[EventDate "2011.06.11"]

1. e4 c6 2. d4 d5 3. exd5 cxd5 4. c4 Nf6 5. Nc3 Nc6 6. Bg5 dxc4 7. d5 Ne5 8.
Bxf6 gxf6 9. Bxc4 Nxc4 10. Qa4+ Bd7 11. Qxc4 Bh6 12. Nge2 Rc8 13. Qd3 O-O 14.
O-O Kh8 15. Ng3 Re8 16. Rfe1 Bf4 17. Qf3 Bd6 18. Qh5 Kg7 19. Nf5+ Bxf5 20. Qxf5
Rc4 21. Re4 Qc8 22. Qxc8 Rexc8 23. Rae1 a6 24. Rxc4 Rxc4 25. Kf1 Kf8 26. Re4
Rxe4 27. Nxe4 Be5 28. b4 Bd6 29. Nxd6 exd6 30. Ke2 Kg7 31. Kf3 Kg6 32. Kf4 f5
33. h4 h6 34. h5+ Kh7 35. Kxf5 Kg7 36. f4 Kf8 37. g4 Ke8 38. g5 1-0

[Event "DEM U12 2011"]
[Site "Oberhof GER"]
[Date "2011.06.15"]
[Round "6"]
[White "Nothnagel, Marian Can"]
[Black "Vogel, Roven"]
[Result "0-1"]
[Termination "normal"]
[Board "8"]
[WhiteElo "1613"]
[BlackElo "1759"]
[PlyCount "62"]
[WhiteFideId "12921530"]
[BlackFideId "12908088"]
[EventCountry "GER"]
[EventRounds "11"]
[EventType "swiss"]
[EventDate "2011.06.11"]

1. e4 c6 2. d4 d5 3. Nc3 dxe4 4. Nxe4 Bf5 5. Ng3 Bg6 6. Nh3 h6 7. Nf4 Bh7 8.
Bc4 Nf6 9. O-O e6 10. Re1 Nd5 11. Bxd5 cxd5 12. Qh5 g6 13. Qe5 Rg8 14. c3 Be7
15. c4 Nc6 16. Qe3 g5 17. Nxe6 fxe6 18. Qxe6 Rg6 19. Qg4 Qd7 20. Qd1 O-O-O 21.
c5 Rf6 22. a3 Rdf8 23. Be3 Na5 24. f3 Nc4 25. b4 Bd8 26. a4 Qf7 27. Qb3 Bc7 28.
a5 a6 29. Nf1 Rxf3 30. gxf3 Qxf3 31. Ra2 Be4 0-1

[Event "DEM U12 2011"]
[Site "Oberhof GER"]
[Date "2011.06.15"]
[Round "6"]
[White "Schackmann, Oliver"]
[Black "Petrashov, Alexander"]
[Result "1/2-1/2"]
[Termination "normal"]
[Board "9"]
[WhiteElo "1829"]
[BlackElo "1644"]
[PlyCount "36"]
[WhiteFideId "12905267"]
[BlackFideId "24662461"]
[EventCountry "GER"]
[EventRounds "11"]
[EventType "swiss"]
[EventDate "2011.06.11"]

1. e4 e6 2. d3 d5 3. Nd2 Nf6 4. Ngf3 dxe4 5. dxe4 Nc6 6. Bc4 Be7 7. O-O O-O 8.
e5 Nd5 9. Qe2 Nb6 10. Bd3 Nb4 11. Be4 N4d5 12. c3 Nf4 13. Qe3 Nbd5 14. Qe1 Ng6
15. Bc2 Ndf4 16. Qe4 Qd5 17. Re1 Bd7 18. c4 Qc6 1/2-1/2

[Event "DEM U12 2011"]
[Site "Oberhof GER"]
[Date "2011.06.15"]
[Round "6"]
[White "Perske, Thore"]
[Black "Pallas, Sebastian"]
[Result "1/2-1/2"]
[Termination "normal"]
[Board "10"]
[WhiteElo "1830"]
[BlackElo "1813"]
[PlyCount "138"]
[WhiteFideId "12902195"]
[BlackFideId "12905453"]
[EventCountry "GER"]
[EventRounds "11"]
[EventType "swiss"]
[EventDate "2011.06.11"]

1. e4 c5 2. Nf3 d6 3. d4 cxd4 4. Nxd4 Nf6 5. Nc3 a6 6. Bc4 e6 7. a4 Nc6 8. O-O
Be7 9. Be3 O-O 10. Kh1 Nb4 11. Qe2 Qc7 12. Bb3 Bd7 13. Rfd1 Rac8 14. Rd2 Rfe8
15. Bg5 h6 16. Bh4 Qc5 17. Rad1 Rcd8 18. f3 Bc8 19. Bf2 Qc7 20. Qc4 Qxc4 21.
Bxc4 d5 22. exd5 Nbxd5 23. Nxd5 Nxd5 24. Nf5 Bg5 25. Rd3 Kh7 26. Bxd5 exd5 27.
Nd4 Bd7 28. b3 Bc6 29. g3 Bf6 30. Nxc6 bxc6 31. Bd4 Bxd4 32. Rxd4 Re3 33. R4d3
Rde8 34. R1d2 Rxd3 35. cxd3 Re3 36. Kg2 a5 37. Kf2 d4 38. f4 Kg8 39. Rc2 Rxd3
40. Rxc6 Rxb3 41. Rc5 Rb2+ 42. Kf3 Rxh2 43. Rxa5 d3 44. Rd5 Ra2 45. a5 Ra3 46.
Ke3 Kf8 47. Rd8+ Ke7 48. Ra8 d2+ 49. Kxd2 Rxg3 50. a6 Ra3 51. Ke2 Kf6 52. Ra7
g6 53. Kf2 Ke6 54. Kg2 h5 55. Kf2 h4 56. Kg2 h3+ 57. Kh2 Kf6 58. Ra8 Kf5 59.
Rf8 f6 60. a7 Rxa7 61. Kxh3 Ra6 62. Kg3 Ra7 63. Kf3 Ra3+ 64. Kg2 g5 65. fxg5
Kxg5 66. Rb8 f5 67. Rb5 Kg4 68. Rb4+ f4 69. Rb2 Rc3 1/2-1/2

[Event "DEM U12 2011"]
[Site "Oberhof GER"]
[Date "2011.06.15"]
[Round "6"]
[White "Niediek, Cedric"]
[Black "Riehle, Marco"]
[Result "1/2-1/2"]
[Termination "normal"]
[Board "11"]
[WhiteElo "1641"]
[BlackElo "1747"]
[PlyCount "179"]
[BlackFideId "12904392"]
[EventCountry "GER"]
[EventRounds "11"]
[EventType "swiss"]
[EventDate "2011.06.11"]

1. e4 e5 2. Nf3 Nc6 3. Bc4 Bc5 4. c3 Nf6 5. d4 exd4 6. e5 d5 7. Bb5 Ne4 8. cxd4
Bb4+ 9. Bd2 Nxd2 10. Nbxd2 Bd7 11. Bxc6 bxc6 12. O-O O-O 13. Rc1 f5 14. a3 Be7
15. Re1 Rb8 16. Qc2 g5 17. e6 Be8 18. Ne5 Rf6 19. Nf1 Rb6 20. Re3 Qd6 21. Rce1
Bg6 22. Nxg6 hxg6 23. Re5 Kg7 24. Nd2 Qd8 25. Nf3 Rf8 26. h3 Re8 27. R5e2 Bf6
28. Qd2 c5 29. dxc5 Rxb2 30. Qc1 Rxe2 31. Rxe2 d4 32. Qd1 Qd5 33. Rd2 Rxe6 34.
Nxd4 Bxd4 35. Rxd4 Qxc5 36. Rd7+ Kf8 37. Qa1 Ke8 38. Rh7 Qe5 39. Qxe5 Rxe5 40.
Rxc7 Ra5 41. Rc3 Ra4 42. Kf1 a5 43. Ke2 Kf7 44. f3 Kf6 45. Ke3 Ke5 46. Rd3 f4+
47. Ke2 Rc4 48. Kf2 a4 49. Rd2 Rc3 50. Ra2 Kd4 51. Ke2 Kc4 52. Kd2 Re3 53. Rc2+
Kb3 54. Rc6 Kxa3 55. Rxg6 Re5 56. Kc3 Rc5+ 57. Kd4 Ra5 58. Kc3 Ka2 59. Kb4 Ra8
60. Rxg5 a3 61. Re5 Rb8+ 62. Kc3 Rb3+ 63. Kc2 Rb2+ 64. Kc3 Rxg2 65. Re4 Rf2 66.
Rxf4 Kb1 67. Rg4 Rf1 68. Rb4+ Ka1 69. Re4 Rxf3+ 70. Kc2 Rxh3 71. Re1+ Ka2 72.
Kc1 Rc3+ 73. Kd2 Rc5 74. Rc1 Rb5 75. Kc3 Rb2 76. Rd1 Rb8 77. Rd2+ Ka1 78. Rd1+
Rb1 79. Rd2 Rh1 80. Kb3 Rh3+ 81. Kc2 Rh8 82. Kb3 Rh3+ 83. Kc2 Ka2 84. Kc1+ Ka1
85. Kc2 Rg3 86. Rd1+ Ka2 87. Rd2 Rg8 88. Kc1+ Ka1 89. Kc2 Rc8+ 90. Kb3 1/2-1/2

[Event "DEM U12 2011"]
[Site "Oberhof GER"]
[Date "2011.06.15"]
[Round "6"]
[White "Greßmann, Moritz"]
[Black "Sieber, Fiona"]
[Result "1-0"]
[Termination "normal"]
[Board "12"]
[WhiteElo "1738"]
[BlackElo "1689"]
[PlyCount "111"]
[WhiteFideId "24695084"]
[BlackFideId "12902373"]
[EventCountry "GER"]
[EventRounds "11"]
[EventType "swiss"]
[EventDate "2011.06.11"]

1. c4 c5 2. Nc3 g6 3. g3 Nc6 4. Bg2 Bg7 5. Nf3 d6 6. O-O e5 7. d3 Nge7 8. Bd2
O-O 9. Qc1 Be6 10. Bh6 Nf5 11. Bxg7 Kxg7 12. Ne4 Qe7 13. a3 a5 14. Nc3 Nfd4 15.
Nxd4 Nxd4 16. Qd1 Rab8 17. e3 Nc6 18. Nb5 Rfd8 19. Bd5 Qd7 20. Nc3 Ne7 21. Qf3
Nxd5 22. Nxd5 b5 23. Rab1 f5 24. h4 b4 25. Kg2 f4 26. gxf4 Bg4 27. Qg3 Be2 28.
Rg1 Bxd3 29. Rbc1 bxa3 30. bxa3 Rb3 31. fxe5 Rxa3 32. h5 Qe6 33. Qg5 Rf8 34.
Nf4 Qf5 35. Qxf5 Rxf5 36. exd6 Kf7 37. hxg6+ hxg6 38. Rgd1 Rxf4 39. exf4 Ke6
40. Rd2 Be4+ 41. Kg1 Rh3 42. f3 Bxf3 43. Re1+ Kd7 44. Re7+ Kd8 45. Rh2 Rxh2 46.
Kxh2 a4 47. Ra7 Bc6 48. Kg3 Kc8 49. Kh4 Kd8 50. Kg5 Be8 51. Kf6 Bc6 52. Ke6 Ke8
53. Rc7 Bd5+ 54. cxd5 Kd8 55. Ra7 c4 56. Ra8# 1-0

[Event "DEM U12 2011"]
[Site "Oberhof GER"]
[Date "2011.06.15"]
[Round "6"]
[White "Paulsen, Alexej"]
[Black "Bergauz, Noam"]
[Result "0-1"]
[Termination "normal"]
[Board "13"]
[WhiteElo "1559"]
[BlackElo "1591"]
[PlyCount "122"]
[WhiteFideId "24662372"]
[BlackFideId "12938033"]
[EventCountry "GER"]
[EventRounds "11"]
[EventType "swiss"]
[EventDate "2011.06.11"]

1. e4 c6 2. d4 d5 3. Nc3 dxe4 4. Nxe4 Bf5 5. Ng3 Bg6 6. Bc4 e6 7. N1e2 Nf6 8.
Nf4 Bd6 9. Bb3 Qc7 10. Qf3 Nd5 11. Bxd5 cxd5 12. c3 Nd7 13. O-O Nf6 14. Re1 O-O
15. Nxg6 hxg6 16. Bg5 Nh7 17. Bd2 b5 18. h4 Rab8 19. Ne2 b4 20. g3 bxc3 21.
Bxc3 Nf6 22. Kg2 Ne4 23. Rh1 a5 24. h5 a4 25. Rh2 g5 26. h6 g6 27. h7+ Kg7 28.
Qg4 f5 29. Qh3 Rh8 30. Qh6+ Kf6 31. Rc1 Qg7 32. Qxg7+ Kxg7 33. Rch1 Nxc3 34.
Nxc3 Rxb2 35. Nxa4 Rxa2 36. Nc5 Bxc5 37. dxc5 Rc2 38. Rb1 Rxc5 39. Rb7+ Kf6 40.
Rd7 Rcc8 41. f4 Rc2+ 42. Kg1 Rxh2 43. Kxh2 gxf4 44. gxf4 g5 45. fxg5+ Kxg5 46.
Kg3 Kg6 47. Re7 Kf6 48. Rd7 Ke5 49. Kh4 Kf6 50. Kh5 f4 51. Kg4 Ke5 52. Rg7 d4
53. Kf3 Kf6 54. Rd7 e5 55. Ke4 Re8 56. Rd6+ Kg7 57. Rd7+ Kh8 58. Rb7 Rf8 59.
Rb1 f3 60. Kxe5 f2 61. Rf1 d3 0-1

[Event "DEM U12 2011"]
[Site "Oberhof GER"]
[Date "2011.06.15"]
[Round "6"]
[White "Schmidt, Tobias"]
[Black "Wiesner, Paula"]
[Result "1-0"]
[Termination "normal"]
[Board "14"]
[WhiteElo "1580"]
[BlackElo "1792"]
[PlyCount "97"]
[WhiteFideId "1271683"]
[BlackFideId "24654019"]
[EventCountry "GER"]
[EventRounds "11"]
[EventType "swiss"]
[EventDate "2011.06.11"]

1. e4 e6 2. d4 d5 3. Nd2 Nf6 4. e5 Nfd7 5. Bd3 c5 6. c3 Nc6 7. Ne2 cxd4 8. cxd4
f6 9. exf6 Nxf6 10. Nf3 Bd6 11. O-O Qc7 12. g3 O-O 13. Bf4 Bd7 14. Rc1 Rac8 15.
Bb1 Kh8 16. Re1 Nh5 17. Bxd6 Qxd6 18. Ng5 h6 19. Qd3 Nf6 20. Nf3 Ne4 21. Nf4
Rxf4 22. gxf4 Qxf4 23. Qe3 Qg4+ 24. Kh1 Rf8 25. Bxe4 dxe4 26. Nd2 Ne7 27. Rg1
Qf5 28. Qg3 Rf7 29. Nc4 Bc6 30. Ne5 e3+ 31. Rxc6 exf2 32. Nxf7+ Qxf7 33. Rf1
Nxc6 34. Rxf2 Qe7 35. Qf4 Qd7 36. Qe4 Kg8 37. Rd2 Qf7 38. Kg2 Qf6 39. Qg4 Qe7
40. Re2 Qf6 41. Qxe6+ Qxe6 42. Rxe6 Nxd4 43. Re7 b5 44. Rxa7 g5 45. Rb7 g4 46.
Kg3 h5 47. Kh4 Nf3+ 48. Kxh5 Nxh2 49. Kh4 1-0

[Event "DEM U12 2011"]
[Site "Oberhof GER"]
[Date "2011.06.15"]
[Round "6"]
[White "Gheng, Christian"]
[Black "Diener, Carolin"]
[Result "1-0"]
[Termination "normal"]
[Board "15"]
[WhiteElo "1679"]
[BlackElo "1590"]
[PlyCount "105"]
[WhiteFideId "24660345"]
[BlackFideId "24699063"]
[EventCountry "GER"]
[EventRounds "11"]
[EventType "swiss"]
[EventDate "2011.06.11"]

1. e4 e5 2. Nf3 Nc6 3. Nc3 Nf6 4. a3 Bc5 5. Nxe5 Nxe5 6. d4 Bd6 7. dxe5 Bxe5 8.
Bd3 d6 9. Be3 Be6 10. h3 Qd7 11. Qd2 a6 12. f4 Bxc3 13. Qxc3 Qe7 14. O-O-O O-O
15. g4 Bc8 16. e5 Nd5 17. Bxh7+ Kxh7 18. Rxd5 b5 19. exd6 cxd6 20. Qd3+ Kg8 21.
Rxd6 Bb7 22. Rd7 Qxd7 23. Qxd7 Bxh1 24. Qf5 Rad8 25. c3 Rd5 26. Qc2 Rfd8 27.
Bd4 Re8 28. Qf2 Rd6 29. Kd2 Rde6 30. f5 Rd6 31. Qh2 Rxd4+ 32. cxd4 Bd5 33. Qd6
Bc4 34. Qg3 Rd8 35. Qe3 Kf8 36. Kc3 Re8 37. Qf4 Rc8 38. Qd6+ Kg8 39. Qxa6 Rc7
40. Qa8+ Kh7 41. Kd2 Rd7 42. Qe4 Bd5 43. Qc2 Bc4 44. Ke3 Re7+ 45. Kf2 Re8 46.
b3 Bd5 47. Qc5 Bxb3 48. Qxb5 Re4 49. Qxb3 Rxd4 50. Qxf7 Rd6 51. g5 Rd8 52. f6
Rg8 53. Qh5# 1-0

[Event "DEM U12 2011"]
[Site "Oberhof GER"]
[Date "2011.06.15"]
[Round "6"]
[White "Kreyssig, Bruno"]
[Black "Böhning, Kilian"]
[Result "0-1"]
[Termination "normal"]
[Board "16"]
[WhiteElo "1587"]
[BlackElo "1708"]
[PlyCount "54"]
[WhiteFideId "4692489"]
[BlackFideId "1270499"]
[EventCountry "GER"]
[EventRounds "11"]
[EventType "swiss"]
[EventDate "2011.06.11"]

1. e4 c5 2. Nc3 e6 3. f4 b6 4. Nf3 Bb7 5. d4 cxd4 6. Nxd4 Nc6 7. Be3 Nf6 8. Qd3
Nb4 9. Qb5 Nxe4 10. Nxe4 Bxe4 11. c3 Nd5 12. Bd2 Qc7 13. f5 Qe5 14. O-O-O Bc5
15. fxe6 fxe6 16. Nb3 Nc7 17. Qe2 Qf5 18. Nxc5 bxc5 19. Re1 Bc6 20. g4 Qd5 21.
Rg1 Qxa2 22. Bf4 Nd5 23. Be5 Qa1+ 24. Kc2 Ba4+ 25. b3 Qa2+ 26. Kc1 Qxb3 27.
Bxg7 Nxc3 0-1

[Event "DEM U12 2011"]
[Site "Oberhof GER"]
[Date "2011.06.15"]
[Round "6"]
[White "Urban, Konstantin"]
[Black "Scheinhütte, Jakob"]
[Result "1/2-1/2"]
[Termination "normal"]
[Board "17"]
[WhiteElo "1648"]
[BlackElo "1587"]
[PlyCount "84"]
[WhiteFideId "12927511"]
[BlackFideId "24693944"]
[EventCountry "GER"]
[EventRounds "11"]
[EventType "swiss"]
[EventDate "2011.06.11"]

1. e4 e6 2. d4 d5 3. Nc3 Bb4 4. exd5 exd5 5. Bd3 Ne7 6. Qh5 Nbc6 7. a3 Bd6 8.
Be3 Be6 9. Nh3 Qd7 10. Ng5 g6 11. Qf3 O-O-O 12. Nxe6 fxe6 13. Nb5 Rhf8 14. Qe2
e5 15. Nxd6+ cxd6 16. dxe5 dxe5 17. O-O Nf5 18. Bc5 Rfe8 19. Bb5 Kb8 20. c3 h5
21. Rad1 h4 22. h3 g5 23. Bc4 d4 24. Qg4 e4 25. cxd4 b6 26. Bb4 Nxb4 27. axb4
b5 28. Ba2 e3 29. Rfe1 exf2+ 30. Kxf2 Rxe1 31. Rxe1 Qxd4+ 32. Qxd4 Rxd4 33. Re5
Rxb4 34. Rxf5 Rxb2+ 35. Kf3 Rxa2 36. Rxb5+ Kc7 37. Rxg5 a5 38. Rg7+ Kd6 39. Ke4
Kc5 40. Kd3 Kb4 41. Rb7+ Ka4 42. Rg7 Kb4 1/2-1/2

[Event "DEM U12 2011"]
[Site "Oberhof GER"]
[Date "2011.06.15"]
[Round "6"]
[White "Schulte, Felix"]
[Black "Graf, Clara Victoria"]
[Result "0-1"]
[Termination "normal"]
[Board "18"]
[WhiteElo "1573"]
[BlackElo "1710"]
[PlyCount "76"]
[WhiteFideId "12914800"]
[BlackFideId "1270339"]
[EventCountry "GER"]
[EventRounds "11"]
[EventType "swiss"]
[EventDate "2011.06.11"]

1. e4 c5 2. Nf3 Nc6 3. d4 cxd4 4. Nxd4 g6 5. Be3 Bg7 6. Nc3 Nf6 7. Bc4 Qa5 8.
O-O O-O 9. Bb3 d6 10. h3 Bd7 11. f4 Rfe8 12. f5 Ne5 13. g4 Rac8 14. g5 Nh5 15.
Nd5 Nc4 16. Bxc4 Rxc4 17. f6 exf6 18. gxf6 Bf8 19. Qf3 Be6 20. Nb3 Qd8 21. c3
Bxd5 22. exd5 Rce4 23. Bd4 Nf4 24. Kh1 Ne2 25. Rad1 Bh6 26. Qf2 Qd7 27. Qg2 Bf4
28. Rf3 Qb5 29. Nd2 Ng3+ 30. Rxg3 Re1+ 31. Rxe1 Rxe1+ 32. Bg1 Bxg3 33. Qxg3
Qxd5+ 34. Qg2 Qxg2+ 35. Kxg2 Re2+ 36. Kf3 Rxd2 37. Bxa7 Rxb2 38. Bb8 Rc2 0-1

[Event "DEM U12 2011"]
[Site "Oberhof GER"]
[Date "2011.06.15"]
[Round "6"]
[White "Köhn, Lennart"]
[Black "Bruns, Kai-Christian"]
[Result "1-0"]
[Termination "normal"]
[Board "19"]
[WhiteElo "1554"]
[BlackElo "1645"]
[PlyCount "39"]
[WhiteFideId "12938041"]
[BlackFideId "12938025"]
[EventCountry "GER"]
[EventRounds "11"]
[EventType "swiss"]
[EventDate "2011.06.11"]

1. e4 c5 2. Nf3 Nc6 3. d4 cxd4 4. Nxd4 Nf6 5. Nc3 e6 6. Bg5 Bb4 7. Nxc6 bxc6 8.
Qf3 h6 9. Bh4 g5 10. Bg3 d5 11. Be5 Be7 12. O-O-O O-O 13. exd5 cxd5 14. h4 Nd7
15. Nxd5 exd5 16. Rxd5 Bb7 17. Qf5 Bxd5 18. Bd3 Be4 19. Bxe4 Nxe5 20. Qh7# 1-0

[Event "DEM U12 2011"]
[Site "Oberhof GER"]
[Date "2011.06.15"]
[Round "6"]
[White "Denkert, Anna"]
[Black "Kaplun, David"]
[Result "0-1"]
[Termination "normal"]
[Board "20"]
[WhiteElo "1173"]
[BlackElo "1758"]
[PlyCount "74"]
[WhiteFideId "12938122"]
[BlackFideId "12901954"]
[EventCountry "GER"]
[EventRounds "11"]
[EventType "swiss"]
[EventDate "2011.06.11"]

1. e4 c5 2. Nc3 e6 3. f4 a6 4. Nf3 b5 5. g3 Bb7 6. d3 d6 7. Bg2 Nc6 8. O-O Qc7
9. Ne2 Nf6 10. Be3 Be7 11. h3 Rc8 12. g4 h6 13. Qe1 d5 14. e5 Nd7 15. Bd2 g5
16. fxg5 hxg5 17. Bxg5 Ndxe5 18. Nxe5 Nxe5 19. Bf4 Bd6 20. Qg3 Rd8 21. a3 Ng6
22. Bxd6 Qxd6 23. Qf2 Rh7 24. c4 Ne5 25. Qe3 bxc4 26. dxc4 Nxc4 27. Qg5 Kd7 28.
b3 Ne5 29. Rad1 Kc7 30. Be4 Rxh3 31. Nf4 Rg3+ 32. Kf2 Rxg4 33. Qh6 Rxf4+ 34.
Kg3 Rxf1 35. Rxf1 dxe4 36. Kg2 Rg8+ 37. Kh3 Qd3+ 0-1